000 00465cam a2200181 4500
001 D11576
008 090401t1968 xxu||||| |||| 00| 0 eng d
035 _a(Sirsi) u98535
041 _aeng
050 _a690.2
100 _aStaveley, Henry Scowcroft
245 4 _aThe building surveyor and new development
260 _c1968
350 _a0
520 _aIn: RICS. Estates Gazette : a supplement, 8th June 1968. 1968/53
942 _n0
948 _c04/03/1997
999 _c99180
_d99180